Guess the War by an Image Quiz - Statistics

General Stats
  • This quiz has been taken 390 times
    78 since last reset
  • The average score is 13 of 20
Answer Stats
Picture Answer % Correct
World War II
99%
Russia-Ukraine War
97%
World War I
84%
Vietnam War
77%
Afghanistan War
71%
Gulf War
70%
Napoleonic Wars
70%
Winter War
67%
American Revolution
62%
Russian Revolution
61%
Mongol Conquests
58%
Rwandan Civil War
58%
Iraq War
57%
Punic Wars
55%
Second Boer War
54%
Texas Revolution
51%
Sino-Japanese Wars
46%
Wars of Scottish Independence
43%
Gaza War
42%
Russo-Japanese War
30%
No matching quizzes found
Score Distribution
Percent of People with Each Score
Percentile by Number Answered
Your Score History
You have not taken this quiz since the last reset